000 00601nam a22001937a 4500
003 0
005 20250103102031.0
008 250103b xxu||||| |||| 00| 0 eng d
020 _a9781984688620
050 _aQA 157
_b.F35 2024
100 _aFalzon, Dennis
_eauthor.
245 _aCore concepts in mathematics :
_balgebra /
_cDennis Falzon.
250 _a2nd ed.
260 _aNew York, NY :
_b3G E-Learning LLC,
_c2024.
300 _aix, 268 p. ;
_bcol. ill. ;
_c26 cm.
504 _aIncludes bibliographical references and index.
650 _aAlgebra
_vproblems, exercises, etc.
942 _2lcc
_cBK
999 _c366851
_d366851